LDR 01161naa#a2200265#i#450# 001 RU\\bibl\121718 005 20260428181210.2 011 ## _a3034-4689 100 ## _a20260424b2026####ek#y0rusy0150####ca 102 ## _aRU 200 1# _aКИНЕТИКА ЭПОКСИДИРОВАНИЯ ПРОПИЛЕНА ГИДРОПЕРОКСИДОМ КУМОЛА, СОДЕРЖАЩЕГОСЯ В СОСТАВЕ ПРОМЫШЛЕННО ОКИСЛЕННОГО КУМОЛА _eЖурнальная статья 210 1# _aКазань _cКазанский национальный исследовательский технологический университет _d2026 215 ## _a5 с. 608 ## _aЖурнальная статья _2local 700 #1 _aБагавеев _gИ. М. 700 #1 _aТунцева _gС Н 700 #1 _aУлитин _gН В 700 #1 _aТерещенко _gК А 700 #1 _aБочков _gМ А 700 #1 _aЕлиманова _gГ Г 700 #1 _aНуруллина _gН М 700 #1 _aХарлампиди _gХарлампий Эвклидович 700 #1 _aДебердеев _gР Я 700 #1 _aСтоянов _gО В 856 4# _avestniktu.ru _u